000 00405nam a2200145Ia 4500
008 220216s9999 xx 000 0 und d
100 _aTo Byron H
245 0 _aImproved rubber properties created with sulfenimide accelerators
260 _bRubber World
_c1996
300 _a34-40
650 _aSulfanimide accelerators
700 _aIgnatz-Hoover Frederick
700 _aTisler Andrew L
942 _cJS
999 _c60850
_d60850